[Event "Olympiad-41"]
[Site "Tromsoe"]
[Date "2014.08.12"]
[Round "10.3"]
[White "Akhras, Khaled"]
[Black "Roselli Mailhe, Bernardo"]
[Result "1/2-1/2"]
[WhiteElo "2246"]
[BlackElo "2425"]
[PlyCount "120"]
[EventDate "2014.08.02"]
[EventType "team-swiss"]
[EventRounds "11"]
[EventCountry "NOR"]
[SourceTitle "CBM 162"]
[Source "ChessBase"]
[SourceDate "2014.09.17"]
[SourceVersion "1"]
[SourceVersionDate "2014.09.17"]
[SourceQuality "1"]
[WhiteTeam "Syria"]
[BlackTeam "Uruguay"]
[WhiteTeamCountry "SYR"]
[BlackTeamCountry "URU"]

1. e4 e6 2. d4 d5 3. exd5 exd5 4. Bd3 Nc6 5. c3 Bd6 6. Ne2 Nf6 7. Bf4 Bxf4 8. Nxf4 0-0 9. 0-0 Qd6 10. Qf3 Bg4 11. Qg3 Ne7 12. Nd2 Rfe8 13. Rfe1 Nf5 14. Bxf5 Bxf5 15. Qg5 g6 16. f3 Kg7 17. Nb3 h6 18. Qg3 b6 19. Re5 Qd7 20. Rae1 a5 21. Nc1 c6 22. h4 Nh7 23. Qf2 f6 24. R5e3 h5 25. Qe2 Rxe3 26. Qxe3 Kf7 27. Kf2 Nf8 28. Nce2 Re8 29. Qd2 Qc7 30. g3 Qe7 31. Ng2 Qd6 32. Qf4 Qxf4 33. Nexf4 Rxe1 34. Kxe1 Be6 35. Kd2 Ke7 36. Nxe6 Nxe6 37. Ke3 g5 38. g4 hxg4 39. fxg4 gxh4 40. Nxh4 Kd7 41. Nf5 a4 42. Nh4 Nd8 43. b3 b5 44. Nf3 Nf7 45. bxa4 bxa4 46. Kd3 Kc7 47. c4 Kb6 48. cxd5 cxd5 49. Nd2 Nh6 50. Nb1 Kc6 51. Nc3 a3 52. Nb1 Nxg4 53. Nxa3 Nf2+ 54. Ke3 Ne4 55. Kf4 Nd6 56. Nc2 Kb5 57. Ne3 Kb4 58. Nxd5+ Kc4 59. Nxf6 Kxd4 60. a4 Kc5 1/2-1/2

[Event "Olympiad-41"]
[Site "Tromsoe"]
[Date "2014.08.11"]
[Round "9.3"]
[White "Phiri, Richmond"]
[Black "Akhras, Khaled"]
[Result "1-0"]
[WhiteElo "2121"]
[BlackElo "2246"]
[PlyCount "47"]
[EventDate "2014.08.02"]
[EventType "team-swiss"]
[EventRounds "11"]
[EventCountry "NOR"]
[SourceTitle "CBM 162"]
[Source "ChessBase"]
[SourceDate "2014.09.17"]
[SourceVersion "1"]
[SourceVersionDate "2014.09.17"]
[SourceQuality "1"]
[WhiteTeam "Zambia"]
[BlackTeam "Syria"]
[WhiteTeamCountry "ZAM"]
[BlackTeamCountry "SYR"]

1. d4 Nf6 2. c4 e6 3. Nf3 b6 4. e3 Bb7 5. Bd3 c5 6. 0-0 Be7 7. Nc3 cxd4 8. exd4 d5 9. cxd5 exd5 10. Bb5+ Kf8 11. Ne5 a6 12. Ba4 b5 13. Bb3 Nc6 14. Re1 b4 15. Nxd5 Nxd5 16. Nxf7 Qd7 17. Nxh8 Bf6 18. Qh5 Nxd4 19. Qxh7 Qg4 20. Qg6 Qd7 21. Ba4 Nb5 22. Qh5 Kg8 23. Ng6 Bd4 24. Bb3 1-0

[Event "Olympiad-41"]
[Site "Tromsoe"]
[Date "2014.08.05"]
[Round "4.3"]
[White "Wiwatanadate, Poompong"]
[Black "Akhras, Khaled"]
[Result "1/2-1/2"]
[WhiteElo "2106"]
[BlackElo "2246"]
[PlyCount "93"]
[EventDate "2014.08.02"]
[EventType "team-swiss"]
[EventRounds "11"]
[EventCountry "NOR"]
[SourceTitle "CBM 162"]
[Source "ChessBase"]
[SourceDate "2014.09.17"]
[SourceVersion "1"]
[SourceVersionDate "2014.09.17"]
[SourceQuality "1"]
[WhiteTeam "Thailand"]
[BlackTeam "Syria"]
[WhiteTeamCountry "THA"]
[BlackTeamCountry "SYR"]

1. d4 Nf6 2. c4 e6 3. Nc3 d5 4. cxd5 exd5 5. Bg5 Be7 6. e3 Nbd7 7. Bd3 a6 8. Nf3 h6 9. Bh4 c6 10. 0-0 0-0 11. a4 Re8 12. Qb1 a5 13. Bg3 Bb4 14. Na2 Bf8 15. Nc1 Ne4 16. Bxe4 dxe4 17. Nd2 Nb6 18. Ne2 Qe7 19. Nc3 f5 20. f3 exf3 21. Rxf3 Be6 22. e4 Qg5 23. Qd3 fxe4 24. Ndxe4 Qh5 25. Be5 Nc4 26. Nf6+ gxf6 27. Rg3+ Bg7 28. Bxf6 Re7 29. Bxe7 Qf7 30. Ba3 Bf5 31. Qf3 Nxa3 32. bxa3 Rf8 33. Rf1 Kh8 34. Qf4 Qc4 35. d5 Qc5+ 36. Kh1 Bd3 37. Qxf8+ Bxf8 38. Rxd3 cxd5 39. Nxd5 Bg7 40. Nf4 Qc4 41. Rdf3 Bb2 42. Ng6+ Kg7 43. Rf4 Qc8 44. Rf8 Qc4 45. R8f4 Qc8 46. Rf8 Qc4 47. Nh8 1/2-1/2

[Event "Incheon op 4th"]
[Site "Incheon"]
[Date "2013.07.02"]
[Round "5"]
[White "Akhras, Khaled"]
[Black "Gameel, Mohamed"]
[Result "1-0"]
[WhiteElo "2228"]
[BlackElo "2239"]
[PlyCount "187"]
[EventDate "2013.06.30"]
[EventType "swiss"]
[EventRounds "7"]
[EventCountry "KOR"]
[SourceTitle "CBM 155 Extra"]
[Source "ChessBase"]
[SourceDate "2013.08.26"]
[SourceVersion "1"]
[SourceVersionDate "2013.08.26"]
[SourceQuality "1"]

1. c4 Nf6 2. g3 e6 3. Bg2 d5 4. Nf3 Nbd7 5. d3 Bb4+ 6. Nbd2 0-0 7. a3 Bd6 8. b4 c6 9. 0-0 Re8 10. Bb2 e5 11. e4 d4 12. c5 Bc7 13. Nh4 b6 14. cxb6 axb6 15. Qc2 c5 16. Rfc1 g6 17. a4 Ra7 18. Ba3 cxb4 19. Bxb4 Nf8 20. Nhf3 Be6 21. Nc4 Bxc4 22. Qxc4 Qd7 23. Ng5 Rea8 24. Bh3 Qe8 25. Qc6 Kg7 26. Bxf8+ Qxf8 27. Be6 Bd6 28. Bxf7 Qe7 29. Bb3 Nd7 30. Ne6+ Kh8 31. Bd5 Nc5 32. Nxc5 Bxc5 33. Rf1 g5 34. Kg2 Rf8 35. Qh6 Qf6 36. Qh5 Bb4 37. Ra2 Rc7 38. Bc4 Ra7 39. Rb1 Bc5 40. f3 Rfa8 41. Bb5 Rf8 42. Rf2 Rg7 43. Rbf1 Bd6 44. Rc1 Rg6 45. Qg4 Bb4 46. Rc7 Rf7 47. Rxf7 Qxf7 48. Bc4 Qe7 49. Rb2 Kg7 50. Qc8 Rf6 51. Qg8+ Kh6 52. Qc8 Kg7 53. Qg4 Rg6 54. Qf5 Kh6 55. Rc2 Bc3 56. Ra2 Rf6 57. Qg4 Rg6 58. Bb5 Rd6 59. Kh1 Qe6 60. Qxe6+ Rxe6 61. Kg2 Re7 62. Kh3 Kg6 63. Rc2 h5 64. Rf2 Be1 65. Rf1 Bd2 66. Rd1 Bb4 67. Rb1 Ba5 68. Bc4 Rc7 69. Kg2 Rc5 70. Rb2 Kf6 71. Kf2 Kg6 72. Ke2 Kf6 73. Kf1 Rc8 74. Ke2 h4 75. Kf2 Rc6 76. Rb1 Bd2 77. Ke2 Bc3 78. gxh4 gxh4 79. Rg1 Rc7 80. Rg4 Rh7 81. f4 exf4 82. Rxf4+ Kg5 83. Kf3 Ra7 84. Rf5+ Kg6 85. Bb5 Rc7 86. Kg4 Be1 87. Bc4 Rc5 88. e5 Kg7 89. Rf7+ Kg6 90. Rf6+ Kg7 91. Kf5 Kh7 92. Rxb6 Ra5 93. Rb7+ Kh6 94. Bg8 1-0

[Event "Incheon op 4th"]
[Site "Incheon"]
[Date "2013.07.02"]
[Round "4"]
[White "Murshed, Niaz"]
[Black "Akhras, Khaled"]
[Result "1-0"]
[WhiteElo "2479"]
[BlackElo "2228"]
[PlyCount "57"]
[EventDate "2013.06.30"]
[EventType "swiss"]
[EventRounds "7"]
[EventCountry "KOR"]
[SourceTitle "CBM 155 Extra"]
[Source "ChessBase"]
[SourceDate "2013.08.26"]
[SourceVersion "1"]
[SourceVersionDate "2013.08.26"]
[SourceQuality "1"]

1. d4 g6 2. e4 Bg7 3. c4 d6 4. Nc3 Nc6 5. Be3 e5 6. Nge2 exd4 7. Nxd4 Nge7 8. Be2 a6 9. h4 h5 10. Nxc6 Nxc6 11. Qd2 Be6 12. Nd5 a5 13. Bg5 f6 14. Be3 Qd7 15. 0-0 Ne7 16. Rac1 Bf7 17. Bd4 Bxd5 18. cxd5 0-0 19. Qc3 c5 20. dxc6 bxc6 21. Rfd1 Kh7 22. Bc5 f5 23. Qg3 Nc8 24. Bxd6 Nxd6 25. Rxd6 Qe8 26. Rcxc6 Be5 27. Rc7+ Bg7 28. Bxh5 Kh8 29. Rxg7 1-0

[Event "Incheon op 4th"]
[Site "Incheon"]
[Date "2013.07.01"]
[Round "2"]
[White "Akhras, Khaled"]
[Black "Megaranto, Susanto"]
[Result "1/2-1/2"]
[WhiteElo "2228"]
[BlackElo "2524"]
[PlyCount "100"]
[EventDate "2013.06.30"]
[EventType "swiss"]
[EventRounds "7"]
[EventCountry "KOR"]
[SourceTitle "CBM 155 Extra"]
[Source "ChessBase"]
[SourceDate "2013.08.26"]
[SourceVersion "1"]
[SourceVersionDate "2013.08.26"]
[SourceQuality "1"]

1. e4 e5 2. Nf3 Nc6 3. Bb5 Nge7 4. d4 exd4 5. Nxd4 Nxd4 6. Qxd4 Nc6 7. Qe3 Be7 8. Nc3 0-0 9. 0-0 d6 10. Rd1 a6 11. Be2 f5 12. f4 fxe4 13. Nxe4 Bf6 14. Bf3 Kh8 15. Nxf6 Qxf6 16. Qf2 Qg6 17. Bxc6 bxc6 18. Rd3 h6 19. Bd2 Bf5 20. Rg3 Qf7 21. Bc3 Rg8 22. Re1 Raf8 23. b3 Kh7 24. h3 c5 25. Rge3 Re8 26. g4 Bd7 27. f5 Rxe3 28. Rxe3 Re8 29. Kh2 Rxe3 30. Qxe3 Bc6 31. Kg3 Qd5 32. Kh4 Qe4 33. Qxe4 Bxe4 34. Ba5 Bxc2 35. Bxc7 d5 36. Bb6 Bb1 37. Bxc5 Bxa2 38. b4 Bb1 39. Kg3 h5 40. Kf4 hxg4 41. hxg4 Kg8 42. Ke5 Kf7 43. Kxd5 g6 44. Ke5 gxf5 45. gxf5 Bd3 46. Bd4 Bb5 47. Kd6 Bd3 48. Ke5 Bb5 49. Kd6 Bd3 50. Ke5 Bb5 1/2-1/2